header

Gender and nation building in the Middle East (Record no. 91338)

MARC details
000 -LEADER
fixed length control field 01670nam a2200397 a 4500
082 04 - DEWEY DECIMAL CLASSIFICATION NUMBER
Classification number 362.10820956
100 1# - MAIN ENTRY--AUTHOR NAME
Personal name Young, Elise G.
245 10 - TITLE STATEMENT
Title Gender and nation building in the Middle East
260 ## - PUBLICATION, DISTRIBUTION, ETC. (IMPRINT)
Place of publication London ;
-- New York :
Name of publisher I.B. Tauris,
Year of publication 2012.
300 ## - PHYSICAL DESCRIPTION
Number of Pages xi, 189 p. :
Other physical details ill., maps.
490 1# - SERIES STATEMENT
Series statement Library of modern Middle East studies ;
650 #0 - SUBJECT ADDED ENTRY--TOPICAL TERM
Topical Term Nation-building
Topical Term Medical care
Topical Term Women, Palestinian Arab
Topical Term Medical policy
856 40 - ELECTRONIC LOCATION AND ACCESS
Uniform Resource Identifier http://site.ebrary.com/lib/rucke/Doc?id=10554326

No items available.

© 2026 Rongo University
Contact us: librarian | system librarian | Rongo university